LEADER 00932nam a2200229 i 4500 001 000000141557 003 CaOOAMICUS 005 20050722000000.0 008 050722s1801 it u000 u ita u 013 $a116190 026 $aditi r-l- noe. cipa (3) 1801 (R) 040 $aSeMil$bita 245 10$aTomo 2. 300 $a210 p. 500 $aSegn. : A-N8. 650 4$aArcisate.$0(OLS)http://semarc/subject/7977 650 4$aPredicazione - Sec. 19. - Testi.$0(OLS)http://semarc/subject/4963 773 0 $tDiscorsi sopra il Vangelo delle domeniche secondo il rito ambrosiano opera postuma di Gio. Angelo Giudici oblato proposto d'Arcisate. Tomo 1. [-2.].$dMilano : Presso Giuseppe Galeazzi, 1801.$g2$w()13968 850 $aSeMil 852 $aSeMil$W1$xVenegono$y1$m3F IV 10 FA$j94778$B94778$CSeMilBibl$Z2$F100758 $8I 961 $aOmaggio: Biblioteca Parrocchiale di Varenna 996 $6245$aTomo 2$9(OLS)http://semarc/title/49331 LEADER 00676nam a2200193 i 4500 001 000000051992 003 CaOOAMICUS 005 20100713000000.0 008 100713n xx u000 u fre u 013 $a23164 040 $aSeMil$bita 100 1 $aBeringer, François .$0(OLS)http://semarc/name/89676 245 10$a1 /$cF. Beringer. 300 $aXIX, 739 p. 650 4$aIndulgenza.$0(OLS)http://semarc/subject/7910 773 0 $aBeringer, François $tIndulgences.$b3. ed.$dParis : Lethielleux, 1905.$g1$w()23512 850 $aSeMil 852 $aSeMil$W1$xVenegono$y1$m2G II 56$j18147$B18147$CSeMilBibl$Z2$F18148 $81 996 $6245$a1$9(OLS)http://semarc/title/46247